LEADER 01145nam a2200301 u 4500 001 000000009549 003 CaOOAMICUS 005 20070226105222.0 008 940516s1981 it u000 u ita u 035 $a10240068 040 $aPUL(R)$bita 100 1 $aLa Rocca, Tommaso.$0(OLS)http://pul/name/9431 245 10$aGramsci e la religione /$cTommaso La Rocca ; editoriale di Mario Miegge. 260 $aBrescia :$bQueriniana,$c1981. 300 $a162 p. ;$c20 cm 490 1 $aGiornale di teologia ;$v131 500 $aComprende indici. 504 $aBibliografia: p. 155-160. 600 14$aGramsci, Antonio,$d1891-1937$xCritica e interpretazione.$0(OLS)http://pul/subject/7878 700 1 $aMiegge, Mario.$0(OLS)http://pul/name/9432 830 0$aGiornale di teologia ;$v131.$0(OLS)http://pul/title/9027 850 $aPUL 852 $aPUL$W1$xSL Religione 3$y85$m200 GDT 1.131$j13544$nBK-PRI$qDDC 21$B13544$CPULBib$Z2$F13544 $82 941 1 $a9 961 $aINV: 49767 983 0$aGdT. 996 $6245$aGramsci e la religione$9(OLS)http://pul/title/14000 996 $6260$aBrescia :$bQueriniana$9(OLS)http://pul/publisher/47906 LEADER 01115nam a2200289 u 4500 001 000000060711 003 CaOOAMICUS 005 20231113093255.0 008 010731s1976 it u000 u ita u 032 $aLibriCat 035 $a10899016 040 $aPUL(R)$bita 100 1 $aMassimo da Crispiero,$cO.F.M. Cap.,$c1920-1999.$0(OLS)http://pul/name/34125 245 13$aIl matrimonio cristiano /$cMassimo Da Crispiero. 260 $aTorino :$bMarietti,$cc1976. 300 $a295 p. ;$c20 cm 490 1 $aTeologia attualizzata ;$v10 504 $aBibliografia: p. 274-291. 650 4$aMatrimonio$xAspetti morali e religiosi.$0(OLS)http://pul/subject/69 830 0$aTeologia attualizzata ;$v10.$0(OLS)http://pul/title/19363 850 $aPUL 852 $aPUL$W1$xSL Religione 1$y3$m57 G 48.10$j142348$nBK-PRI$qStampati$B79169$CPULBib$Z2$F79169 $H43861 $82 941 1 $a8 961 $aINV: 43861 996 $6245$aIl matrimonio cristiano$9(OLS)http://pul/title/81118 996 $6260$aTorino :$bMarietti$9(OLS)http://pul/publisher/48186